MOOMIN : (Record no. 180711)
[ view plain ]
| 000 -LEADER | |
|---|---|
| fixed length control field | 01178nam a22003011i 4500 |
| 005 - DATE AND TIME OF LATEST TRANSACTION | |
| control field | 20201222124847.0 |
| 008 - FIXED-LENGTH DATA ELEMENTS--GENERAL INFORMATION | |
| fixed length control field | 201222t2019 xxka|||j ||| 000 1 eng d |
| 020 ## - INTERNATIONAL STANDARD BOOK NUMBER | |
| International Standard Book Number | 9780241365304 |
| Terms of availability | RM 28.90 |
| Qualifying information | paperback |
| 040 ## - CATALOGING SOURCE | |
| Original cataloging agency | PPAK |
| Language of cataloging | eng |
| Transcribing agency | PPAK |
| Description conventions | rda |
| 082 04 - DEWEY DECIMAL CLASSIFICATION NUMBER | |
| Edition number | 23 |
| Classification number | 428.6 |
| 090 00 - LOCALLY ASSIGNED LC-TYPE CALL NUMBER (OCLC); LOCAL CALL NUMBER (RLIN) | |
| Classification number (OCLC) (R) ; Classification number, CALL (RLIN) (NR) | 428.6 |
| Feature heading | JAN |
| Feature heading | K |
| 100 10 - MAIN ENTRY--PERSONAL NAME | |
| Personal name | Jansson, Tove |
| Relator term | author. |
| 245 10 - TITLE STATEMENT | |
| Title | MOOMIN : |
| Remainder of title | The Song of the Sea / |
| Statement of responsibility, etc. | Based on the original stories by Tove Jansson ; Series Editor: Sorrel Pitts ; Text adapted by Mary Taylor |
| 264 #1 - PRODUCTION, PUBLICATION, DISTRIBUTION, MANUFACTURE, AND COPYRIGHT NOTICE | |
| Place of production, publication, distribution, manufacture | London : |
| Name of producer, publisher, distributor, manufacturer | Ladybird Books , |
| Date of production, publication, distribution, manufacture, or copyright notice | 2019. |
| 300 ## - PHYSICAL DESCRIPTION | |
| Extent | 63 pages : |
| Other physical details | illustration (chiefly colour) ; |
| Dimensions | 23 cm. |
| 336 ## - CONTENT TYPE | |
| Source | rdacontent |
| Content type term | text |
| -- | still image |
| 337 ## - MEDIA TYPE | |
| Source | rdamedia |
| Media type term | unmediated |
| 338 ## - CARRIER TYPE | |
| Source | rdacarrier |
| Carrier type term | volume |
| 490 1# - SERIES STATEMENT | |
| Series statement | Ladybird Readers ; |
| Volume/sequential designation | Level 3 |
| 500 ## - GENERAL NOTE | |
| General note | "Adapted from the story, "Moomin and the ocean's song", first published by Puffin Books, 2016." |
| General note | Includes exercises. |
| 600 #0 - SUBJECT ADDED ENTRY--PERSONAL NAME | |
| Personal name | Moomins (Fictitious characters) |
| General subdivision | Pictorial works |
| Form subdivision | Juvenile fiction. |
| 650 10 - SUBJECT ADDED ENTRY--TOPICAL TERM | |
| Topical term or geographic name entry element | Readers |
| Form subdivision | Fiction. |
| 700 1# - ADDED ENTRY--PERSONAL NAME | |
| Personal name | Taylor, Mary, |
| Relator term | adaptor. |
| Personal name | Pitts, Sorrel, |
| Relator term | editor. |
| 830 #0 - SERIES ADDED ENTRY--UNIFORM TITLE | |
| Uniform title | Ladybird Readers ; |
| Volume/sequential designation | Level 3 |
| 942 ## - ADDED ENTRY ELEMENTS (KOHA) | |
| Source of classification or shelving scheme | Dewey Decimal Classification |
| Koha item type | Book |
| Withdrawn | Not for loan | Current library | Shelving location | Date acquired | Total Checkouts | Total Renewals | Full call number | Barcode | Date last seen | Date last checked out | Koha item type |
|---|---|---|---|---|---|---|---|---|---|---|---|
| Perpustakaan Alor Setar | Pinjaman Kanak-kanak | 19/01/2021 | 1 | 1 | K 428.6 JAN | A01667059 | 27/06/2024 | 28/05/2024 | Book | ||
| Perpustakaan Awam Sungai Petani | Pinjaman Kanak-kanak | 19/01/2021 | 4 | 1 | K 428.6 JAN | A01667060 | 11/01/2026 | 16/12/2025 | Book | ||
| Perpustakaan Baling | Pinjaman Kanak-kanak | 19/01/2021 | K 428.6 JAN | A01667062 | 19/01/2021 | Book | |||||
| Perpustakaan Bandar Baharu | Pinjaman Kanak-kanak | 19/01/2021 | K 428.6 JAN | A01667063 | 19/01/2021 | Book | |||||
| Perpustakaan Kulim | Pinjaman Kanak-kanak | 19/01/2021 | 3 | 1 | K 428.6 JAN | A01667061 | 29/03/2025 | 15/03/2025 | Book | ||
| Perpustakaan Merbok | Pinjaman Kanak-kanak | 19/01/2021 | K 428.6 JAN | A01667064 | 19/01/2021 | Book |